| 000 | 00399nam a22001457a 4500 | ||
|---|---|---|---|
| 082 |
_a346.082 _bMAH |
||
| 100 | _aMahmood, Shaukat | ||
| 245 |
_aThe Law of Banks / _cShaukat Mahmood and Nadeem Shaukat |
||
| 250 | _a13th Revised Edition. | ||
| 260 |
_aLahore : _bLegal Research Centre, _c2023. |
||
| 300 | _a1184 p. | ||
| 563 | _aHB. | ||
| 650 |
_aLaw, The Law of Banks _9128476 |
||
| 942 |
_2ddc _cBK |
||
| 999 |
_c613423 _d613423 |
||